| 000 | 00366nam a2200145Ia 4500 | ||
|---|---|---|---|
| 008 | 250610s9999 xx 000 0 und d | ||
| 082 | _a954.91 AHM | ||
| 100 | _aAhmad, Manzoor | ||
| 245 | 0 |
_aPakistan: _bprospects and perspectives |
|
| 250 | _a1st ed. | ||
| 260 |
_aKarachi: _bRoyal Book Company, _c1999 |
||
| 300 | _axiv, 269p. | ||
| 600 | _aHistory | ||
| 942 | _cGB | ||
| 999 |
_c31399 _d31399 |
||